| 000 | 01161cam a22002651i 4500 | ||
|---|---|---|---|
| 003 | SA-RiAUC | ||
| 005 | 20241124081947.0 | ||
| 008 | 241123s1990 su g 00000 ara c | ||
| 040 |
_aSA-MaUQU _bara _cSA-RiAUC _erda |
||
| 082 | 0 | 4 |
_a253.2 _qSA-RiAUC |
| 090 |
_a253.2 _bح ك م |
||
| 100 | 1 |
_aالحكمي، علي عباس عثمان، _d1366 هجري- _eمؤلف. |
|
| 245 | 1 | 2 |
_aالبيوع المنهي عنها نصا فى الشريعة الإسلامية وأثر النهي فيها من حيث الحرمة والبطلان / _cعلي بن عباس الحكمي. |
| 264 | 1 |
_aمكة المكرمة : _bنادى مكة الثقافي الأدبي، _c1990 |
|
| 300 |
_a210 صفحة ؛ _c24 سم. |
||
| 336 |
_aنص _btxt _2rdacontent _3كتاب |
||
| 337 |
_aبدون وسيط _bn _2rdamedia |
||
| 338 |
_aمجلد _bnc _2rdacarrier |
||
| 490 | 0 |
_aمطبوعات نادي مكة الثقافي الأدبي ؛ _v74 |
|
| 650 | 7 |
_aالبيع الفاسد _2aucsh |
|
| 650 | 7 |
_aالبيع (فقه إسلامي) _2aucsh |
|
| 650 | 7 |
_aالمعاملات (فقه إسلامي) _2aucsh |
|
| 942 |
_2ddc _cBOOK _n0 |
||
| 949 |
_aSA-JeALM _d241123 _umohamedma123 _n1 |
||
| 999 |
_c2694 _d2694 |
||